<?xml version="1.0" encoding="UTF-8"?>
<record
    xmlns:xsi="http://www.w3.org/2001/XMLSchema-instance"
    xsi:schemaLocation="http://www.loc.gov/MARC21/slim http://www.loc.gov/standards/marcxml/schema/MARC21slim.xsd"
    xmlns="http://www.loc.gov/MARC21/slim">

  <leader>01433mam a2200289 a 4500</leader>
  <controlfield tag="001">2428069</controlfield>
  <controlfield tag="005">20220326193310.0</controlfield>
  <controlfield tag="008">010409s1997    cr a     c    000 0 spa d</controlfield>
  <datafield tag="020" ind1=" " ind2=" ">
    <subfield code="a">9968976326</subfield>
  </datafield>
  <datafield tag="035" ind1=" " ind2=" ">
    <subfield code="a">(OCoLC)ocm46689604</subfield>
  </datafield>
  <datafield tag="040" ind1=" " ind2=" ">
    <subfield code="a">AZU</subfield>
    <subfield code="c">AZU</subfield>
  </datafield>
  <datafield tag="082" ind1=" " ind2=" ">
    <subfield code="a">708.972.86</subfield>
    <subfield code="b">R741m</subfield>
  </datafield>
  <datafield tag="090" ind1=" " ind2=" ">
    <subfield code="a">N910.S318</subfield>
    <subfield code="b">R65 1997</subfield>
  </datafield>
  <datafield tag="100" ind1=" " ind2=" ">
    <subfield code="a">Rojas Gonz&#xE1;lez, Jos&#xE9; Miguel,</subfield>
    <subfield code="9">1991</subfield>
  </datafield>
  <datafield tag="110" ind1="2" ind2=" ">
    <subfield code="a">Museo de Arte Costarricense.</subfield>
    <subfield code="9">1992</subfield>
  </datafield>
  <datafield tag="245" ind1="1" ind2="0">
    <subfield code="a">Museo de Arte Costarricense :</subfield>
    <subfield code="b">XX aniversario, 1977-1997 /</subfield>
    <subfield code="c">[Jos&#xE9; Miguel Rojas Gonz&#xE1;lez].</subfield>
  </datafield>
  <datafield tag="250" ind1=" " ind2=" ">
    <subfield code="a">1. ed.</subfield>
  </datafield>
  <datafield tag="260" ind1=" " ind2=" ">
    <subfield code="a">San Jos&#xE9; :</subfield>
    <subfield code="b">Museo de Arte Costarricense,</subfield>
    <subfield code="c">1997.</subfield>
  </datafield>
  <datafield tag="300" ind1=" " ind2=" ">
    <subfield code="a">136 p. :</subfield>
    <subfield code="b">ill. (some col.) ;</subfield>
    <subfield code="c">28 cm.</subfield>
  </datafield>
  <datafield tag="505" ind1=" " ind2=" ">
    <subfield code="t">La joya de la Sabana</subfield>
    <subfield code="r">Guido Saenz Gonzalez</subfield>
    <subfield code="t">Memoria de la memoria</subfield>
    <subfield code="r">Eduardo Faith</subfield>
    <subfield code="t">Museo de Arte Costarricense </subfield>
    <subfield code="t">Administraciones del Museo de Arte Costarricense </subfield>
    <subfield code="t">Coleccion Nacional </subfield>
    <subfield code="t">Coleccion Internacional </subfield>
    <subfield code="t">Galeria Direccion General de Artes y Letras </subfield>
    <subfield code="t">Museo de Arte Costarricense </subfield>
    <subfield code="t">Exposiciones organizadas en el exterior </subfield>
    <subfield code="t">Sala Julian Marchena, Galeria Nacional de Arte Contemporaneo </subfield>
    <subfield code="t">Galeria Enrique Echandi</subfield>
    <subfield code="t">Galeria Jorge Debravo</subfield>
  </datafield>
  <datafield tag="610" ind1="2" ind2="0">
    <subfield code="a">Museo de Arte Costarricense</subfield>
    <subfield code="v">Catalogs.</subfield>
    <subfield code="9">1993</subfield>
  </datafield>
  <datafield tag="650" ind1=" " ind2="0">
    <subfield code="a">Art, Costa Rican</subfield>
    <subfield code="v">Catalogs.</subfield>
    <subfield code="9">1994</subfield>
  </datafield>
  <datafield tag="650" ind1=" " ind2="0">
    <subfield code="a">Art, Costa Rican</subfield>
    <subfield code="y">20th century</subfield>
    <subfield code="v">Catalogs.</subfield>
    <subfield code="9">1995</subfield>
  </datafield>
  <datafield tag="650" ind1=" " ind2="0">
    <subfield code="a">Art</subfield>
    <subfield code="z">Costa Rica</subfield>
    <subfield code="z">San Jos&#xE9;</subfield>
    <subfield code="v">Catalogs.</subfield>
    <subfield code="9">1996</subfield>
  </datafield>
  <datafield tag="700" ind1="1" ind2=" ">
    <subfield code="a">Rojas Gonz&#xE1;lez, Jos&#xE9; Miguel,</subfield>
    <subfield code="d">1959-</subfield>
    <subfield code="9">1997</subfield>
  </datafield>
  <datafield tag="999" ind1=" " ind2=" ">
    <subfield code="c">415</subfield>
    <subfield code="d">415</subfield>
  </datafield>
  <datafield tag="952" ind1=" " ind2=" ">
    <subfield code="0">0</subfield>
    <subfield code="1">0</subfield>
    <subfield code="2">ddc</subfield>
    <subfield code="4">0</subfield>
    <subfield code="7">0</subfield>
    <subfield code="a">LV</subfield>
    <subfield code="b">LV</subfield>
    <subfield code="c">Pensamiento</subfield>
    <subfield code="d">2015-01-23</subfield>
    <subfield code="l">0</subfield>
    <subfield code="o">708.972.86 R741m</subfield>
    <subfield code="p">000454</subfield>
    <subfield code="r">2015-01-23 00:00:00</subfield>
    <subfield code="w">2015-01-23</subfield>
    <subfield code="y">01</subfield>
  </datafield>
</record>
